Legal method, skills and reasoning (Record no. 4802)
[ view plain ]
| 000 -LEADER | |
|---|---|
| fixed length control field | nam a22 7a 4500 |
| 005 - DATE AND TIME OF LATEST TRANSACTION | |
| control field | 20200205144805.0 |
| 008 - FIXED-LENGTH DATA ELEMENTS--GENERAL INFORMATION | |
| fixed length control field | 200205b2010 nyu||||| |||| 00| 0 eng d |
| 020 ## - INTERNATIONAL STANDARD BOOK NUMBER | |
| International Standard Book Number | 9780415458511 |
| -- | Paperback |
| Terms of availability | RM 173.00 |
| 040 0# - CATALOGING SOURCE | |
| Original cataloging agency | AKMAL |
| 082 04 - DEWEY DECIMAL CLASSIFICATION NUMBER | |
| Edition number | 2 22 |
| Classification number | 340.1 HAN |
| 090 ## - LOCALLY ASSIGNED LC-TYPE CALL NUMBER (OCLC); LOCAL CALL NUMBER (RLIN) | |
| Classification number (OCLC) (R) ; Classification number, CALL (RLIN) (NR) | 340.1 |
| Local cutter number (OCLC) ; Book number/undivided call number, CALL (RLIN) | HAN |
| 245 10 - TITLE STATEMENT | |
| Title | Legal method, skills and reasoning |
| Statement of responsibility, etc. | Sharon Hanson |
| 250 00 - EDITION STATEMENT | |
| Edition statement | 3rd ed. |
| 260 00 - PUBLICATION, DISTRIBUTION, ETC. | |
| Place of publication, distribution, etc. | New York |
| Name of publisher, distributor, etc. | Routledge-Cavendish |
| Date of publication, distribution, etc. | 2010 |
| 300 ## - PHYSICAL DESCRIPTION | |
| Extent | xxiii, 386pg |
| Other physical details | colour ilustration; |
| Dimensions | 24cm |
| 500 00 - GENERAL NOTE | |
| General note | Includes index |
| 599 ## - LOCAL NOTE | |
| Local Note | DALAM PROSES |
| 650 00 - SUBJECT ADDED ENTRY--TOPICAL TERM | |
| Source of heading or term | Great Britain |
| Topical term or geographic name entry element | Law |
| General subdivision | Methodology |
| 9 (RLIN) | 9152 |
| 650 00 - SUBJECT ADDED ENTRY--TOPICAL TERM | |
| Source of heading or term | Great Britain |
| Topical term or geographic name entry element | Law |
| General subdivision | Interpretation |
| 9 (RLIN) | 9153 |
| 852 ## - LOCATION | |
| Location | Perpustakaan AKMAL |
| 942 ## - ADDED ENTRY ELEMENTS (KOHA) | |
| Source of classification or shelving scheme | |
| Koha item type | Book |
| Withdrawn status | Lost status | Source of classification or shelving scheme | Damaged status | Not for loan | Collection code | Home library | Current library | Shelving location | Date acquired | Total Checkouts | Full call number | Barcode | Date last seen | Price effective from | Koha item type |
|---|---|---|---|---|---|---|---|---|---|---|---|---|---|---|---|
| FICTION | AKMAL Melaka | AKMAL Melaka | PINJAMAN | 05.02.2020 | 340.1 HAN | 201707812 | 05.02.2020 | 05.02.2020 | Book |
